Top 20 Strongest Naruto Characters - Statistics

General Stats
  • This quiz has been taken 212 times
  • The average score is 12 of 20
Answer Stats
Answer % Correct
Naruto
99%
Sasuke
97%
Madara
93%
Obito
85%
Kaguya
80%
Hashirama
77%
Itachi
73%
Minato
69%
Tobirama
67%
Killer B
61%
Sakura
57%
Nagato
54%
Hiruzen
51%
Hagoromo
47%
Indra
45%
Guy
42%
Ashura
35%
Kabuto
27%
Hamura
24%
Mu
12%
No matching quizzes found
Score Distribution
Percent of People with Each Score
Percentile by Number Answered
Your Score History
You have not taken this quiz